书目信息 |
| 题名: |
岩土工程现代原位测试理论与工程应用
|
|
| 作者: | 童立元, 编著 | |
| 分册: | ||
| 出版信息: | 南京 东南大学出版社 2015.10 |
|
| 页数: | 297页 | |
| 开本: | 26cm | |
| 丛书名: | 东南交通青年教师科研论丛 | |
| 单 册: | ||
| 中图分类: | TU413 | |
| 科图分类: | ||
| 主题词: | 岩土工程--yan tu gong cheng--原位试验--研究 | |
| 电子资源: | ||
| ISBN: | 978-7-5641-5982-5 | |
| 000 | 01323nam 2200313 450 | |
| 001 | 0100195245 | |
| 005 | 20201118163500.40 | |
| 010 | @a978-7-5641-5982-5@dCNY68.00 | |
| 100 | @a20151209d2015 em y0chiy50 ea | |
| 101 | 0 | @achi |
| 102 | @aCN@b320000 | |
| 105 | @aak a 000yy | |
| 106 | @ar | |
| 200 | 1 | @a岩土工程现代原位测试理论与工程应用@Ayan tu gong cheng xian dai yuan wei ce shi li lun yu gong cheng ying yong@f童立元 ... [等] 编著@Ftong li yuan ... [ den ] bian zhu |
| 210 | @a南京@c东南大学出版社@d2015.10 | |
| 215 | @a297页@c图@d26cm | |
| 225 | 2 | @a东南交通青年教师科研论丛@Adong nan jiao tong qing nian jiao shi ke yan lun cong |
| 312 | @a英文题名取自封面 | |
| 320 | @a有书目 | |
| 330 | @a本书是作者们多年从事岩土工程原位测试技术研究理论与实践的总结, 强调岩土工程原位测试技术的基础理论、数学力学模型以及实际工程应用, 特别是大量介绍了该领域国内外的最新研究成果。 | |
| 410 | 0 | @12001 @a东南交通青年教师科研论丛 |
| 510 | 1 | @aTransport mechanism and application of in-situ testing techniques in geotechnical engineering@zeng |
| 540 | @a岩土工程现代原位测试理论与工程应用 | |
| 606 | 0 | @a岩土工程@Ayan tu gong cheng@x原位试验@x研究 |
| 690 | @aTU413@v5 | |
| 701 | 0 | @a童立元,@Atong li yuan@f1975-@4编著 |
| 801 | @aCN | |
| 901 | @a21 | |
| 905 | @a河南城建学院图书馆@b1294133-5@dTU413@eT854@f3 | |
| 岩土工程现代原位测试理论与工程应用/童立元 ... [等] 编著.-南京:东南大学出版社,2015.10 |
| 297页:图;26cm.-(东南交通青年教师科研论丛) |
| ISBN 978-7-5641-5982-5:CNY68.00 |
| 本书是作者们多年从事岩土工程原位测试技术研究理论与实践的总结, 强调岩土工程原位测试技术的基础理论、数学力学模型以及实际工程应用, 特别是大量介绍了该领域国内外的最新研究成果。 |
| ● |
| 相关链接 |
|
|
|
正题名:岩土工程现代原位测试理论与工程应用
索取号:TU413/T854
 
预约/预借
| 序号 | 登录号 | 条形码 | 馆藏地/架位号 | 状态 | 备注 |
| 1 | 1294133 | 212941337 | 建筑库101/101建筑库 94排4列2层/ [索取号:TU413/T854] | 在馆 | |
| 2 | 1294134 | 212941344 | 建筑库101/101建筑库 94排4列2层/ [索取号:TU413/T854] | 在馆 | |
| 3 | 1294135 | 212941351 | 建筑库101/101建筑库 94排4列2层/ [索取号:TU413/T854] | 在馆 |